| 000 | 01012nam a2200229Ia 4500 | ||
|---|---|---|---|
| 001 | 19352 | ||
| 005 | 20260422101028.0 | ||
| 008 | 260306t2017||||xx |||||||||||||| ||spa|| | ||
| 041 | _aESP | ||
| 082 |
_a658.8342 _bS66 2017 |
||
| 100 |
_aSolomon, Michael R., _eAUT |
||
| 245 | 0 | _aComportamiento del consumidor | |
| 260 | _c2017 | ||
| 300 |
_axxi, 601 páginas : _c28 cm. |
||
| 650 | _aGEN | ||
| 654 | _aCAN | ||
| 856 |
_uhttps://itmsp.museknowledge.com/UCSP?url=https://www.ebooks7-24.com:443/?il=4917&pg=1 _zVersión digital |
||
| 856 |
_uhttps://0u213xh3o-y-https-ebooks7--24-com.itmsp.museknowledge.com/biblioteca.aspx _zVéase además: Base de datos Ebook7-24 |
||
| 856 |
_uhttps://0u20fxh3v-y-https-research-ebsco-com.itmsp.museknowledge.com/c/qxo6us/search _zVéase además: Base de datos EBSCOhost |
||
| 856 |
_uhttps://0u20vxh2w-y-https-ebookcentral-proquest-com.itmsp.museknowledge.com/lib/catolicasp/home.action _zVéase además: Base de datos ProQuest Ebook Central |
||
| 942 |
_cLIB _dJUS _fJUS _2ddc |
||
| 999 |
_c19352 _d19352 |
||